000 00367 a2200157 4500
001 194167
020 _a978-85-356-2105-1
040 _cMagnum
100 _aBelinky, Tatiana
240 1 0 _aTamanho não é documento
_lpor
245 1 0 _aTamanho não é documento
300 _a33
362 0 _a2008
697 _aLÍNGUA - LINGÜÍSTICA - LITERATURA
942 _cBK
999 _c194167
_d194167